[Event "World Team-ch Women 2017"]
[Site "Khanty-Mansyisk"]
[Date "2017.06.18"]
[Round "2"]
[White "Guo, Qi"]
[Black "Osmak, Iulija"]
[Result "1/2-1/2"]
[WhiteElo "2417"]
[BlackElo "2350"]
[Annotator "TA"]
[PlyCount "136"]
[EventDate "2017.??.??"]
[EventType "team-tourn"]
[EventCountry "RUS"]
[SourceTitle "playchess.com"]
[Source "ChessBase"]
[SourceQuality "1"]
[WhiteTeam "CHN"]
[BlackTeam "UKR"]
[WhiteTeamCountry "CHN"]
[BlackTeamCountry "UKR"]

{[%evp 20,136,31,28,55,22,45,35,47,55,55,49,38,35,39,29,43,45,60,61,104,70,63,67,66,75,70,94,89,62,41,35,62,67,61,58,59,70,63,30,38,37,58,31,32,34,31,42,61,41,81,83,104,91,96,95,114,95,129,131,110,75,77,22,22,19,31,8,8,0,0,0,0,0,0,0,1,0,0,0,8,8,8,10,16,8,29,22,23,24,22,22,22,22,22,10,35,0,14,14,16,0,0,0,0,0,0,0,0,0,0,-8,-8,-8,-8,-8,-8,-8,-8]} 1. d4 d5 2. Nf3 Nf6 3. c4 c6 4. e3 g6 5. Nc3 Bg7 6. Bd3 O-O 7. O-O Bg4 8. h3 Bxf3 9. Qxf3 e6 10. b3 Nbd7 11. Bb2 a5 {D94: Grünfeld: 4 Nf3 Bg7 5 e3} 12. Qd1 $146 ({Predecessor:} 12. Rad1 Re8 13. Qe2 Qc7 14. g4 e5 15. dxe5 dxc4 16. Bxg6 Nxe5 17. Bf5 Nd3 18. Bxd3 cxd3 19. Rxd3 {1-0 (41) Shengelia,D (2582)-Kwatschewsky,L (2215) Vienna 2010}) 12... Re8 13. Qc2 Nb6 {White is slightly better.} 14. Rab1 Nc8 15. Na4 Nd7 16. Rfd1 f5 17. Ba3 Bf8 18. Bxf8 Rxf8 19. b4 Rf7 20. cxd5 (20. b5 {is more complex.} Nd6 21. bxc6 bxc6 22. Rb2 Ne4 23. Rdb1) 20... cxd5 21. Nc5 Nf8 22. bxa5 Qxa5 23. Nxb7 Qxa2 24. Qxa2 Rxa2 25. Rdc1 Ra8 26. Rc6 Rb8 27. Nd8 Rxb1+ 28. Bxb1 Na7 $1 {[%cal Ra7c6]} 29. Rb6 (29. Ra6 $5 {[%cal Rd8f7]} Re7 30. g4 $16) 29... Re7 30. Ba2 Kg7 31. f3 Nc8 32. Rc6 Na7 33. Ra6 Nb5 34. Rb6 Nc7 35. Nc6 Rd7 {[#] aiming for ...Rd6.} 36. Ne5 Re7 37. Rb7 Kf6 38. g4 h6 39. h4 g5 40. gxf5 exf5 41. Rb8 (41. Nc6 $16 Rd7 42. Ne5) 41... Nd7 $11 42. Nxd7+ Rxd7 {[%mdl 4096] Endgame KRB-KRN} 43. Rb6+ Ne6 44. e4 fxe4 45. fxe4 Ke7 46. Bxd5 Nxd4 47. Rxh6 {[#] And now h5 would win.} Nf3+ 48. Kf2 Nxh4 49. Re6+ Kf8 50. Re5 Rg7 51. Kg3 Rg6 52. Bc4 Rg7 53. Rc5 Ke7 54. Kg4 Ng2 55. Ba2 Kd6 56. Rd5+ Ke7 $1 {...Ne3+ is the strong threat.} 57. Ra5 {Threatening Ra7+.} (57. Rd2 $5 {[%cal Rd2g2]} Nh4 58. Rb2 $16) 57... Ne3+ 58. Kh5 Kd6 {The position is equal.} 59. e5+ Kc6 60. Ra6+ Kc5 61. Ra3 Kd4 62. Bb1 Nd5 63. Kh6 Re7 64. Ra4+ Kxe5 65. Re4+ Kf6 66. Rxe7 Nxe7 67. Kh5 Nf5 68. Kg4 Ne3+ {Precision: White = 58%, Black = 61%.} 1/2-1/2

[Event "World Team-ch Women 2017"]
[Site "Khanty-Mansyisk"]
[Date "2017.06.18"]
[Round "2"]
[White "Tania, Sachdev"]
[Black "Foisor, Sabina-Francesca"]
[Result "1-0"]
[WhiteElo "2408"]
[BlackElo "2331"]
[Annotator "TA"]
[PlyCount "101"]
[EventDate "2017.??.??"]
[EventType "team-tourn"]
[EventCountry "RUS"]
[SourceTitle "playchess.com"]
[Source "ChessBase"]
[SourceQuality "1"]
[WhiteTeam "IND"]
[BlackTeam "USA"]
[WhiteTeamCountry "IND"]
[BlackTeamCountry "USA"]

{[%evp 14,101,12,0,10,0,0,0,0,0,0,0,0,-7,34,0,0,9,32,20,54,56,100,79,117,77,285,266,252,268,258,247,355,343,329,322,272,262,264,260,224,191,233,99,105,113,104,102,107,135,126,122,331,160,455,451,562,555,492,422,1686,1613,1273,1205,1708,1706,1381,1364,1675,1668,1707,1437,1584,1657,1700,1530,6920,7958,5497,7028,12835,12837,12837,12838,12840,12841,12841,12842,12843,12843]} 1. d4 Nf6 2. c4 e6 3. Nf3 d5 4. Nc3 Be7 5. Qc2 O-O 6. cxd5 exd5 7. Bf4 c6 8. e3 {LiveBook: 39 Games. D35: Queen's Gambit Declined: Exchange Variation} Nh5 9. Be5 (9. Bg3 Nd7 10. Bd3 h6 11. a3 Nxg3 12. hxg3 Nf6 13. Ne5 c5 14. O-O Be6 15. dxc5 d4 16. exd4 Qxd4 {½-½ (41) Zhigalko,S (2652)-Firouzja,A (2465) Moscow 2017}) 9... Nd7 10. Bd3 {The position is equal.} g6 11. O-O-O Nxe5 12. Nxe5 Ng7 13. h3 $146 {[%cal Bh2h3,Bh3h4][%mdl 32]} (13. h4 $5) ({Predecessor:} 13. Kb1 Bf5 14. g4 Bxd3 15. Nxd3 a5 {½-½ (49) Leiva Rodriguez,J (2388)-Marrero Lopez,Y (2311) Havana 2013}) 13... Bf5 (13... Bd6 {keeps more tension.} 14. Kb1 Qe7 15. Nf3 f5 16. Na4 Nh5) 14. g4 Bxd3 15. Nxd3 a5 16. Kb1 b5 17. h4 h6 18. f4 $36 {[%cal Bf2f4,Bf4f5][%mdl 2080] White is in control.} a4 19. f5 g5 $2 {[#]} (19... gxf5 $16 20. Rdg1 a3) 20. hxg5 $18 Bxg5 21. e4 a3 22. b3 Re8 (22... b4 $142) 23. e5 f6 24. Ne2 Rc8 25. Qc5 Qe7 26. Qxe7 Rxe7 27. b4 h5 28. gxh5 (28. Nef4 $18 {and White stays clearly on top.}) 28... Nxf5 $16 29. Rdf1 Ne3 30. exf6 Nxf1 31. fxe7 Nd2+ 32. Kc2 {[#] Strongly threatening Rg1.} Kf7 $2 (32... Ne4 $16 {was necessary.}) 33. Nef4 (33. Ne5+ $18 {is the precise move to win.} Kxe7 34. h6) 33... Ne4 $2 (33... Nc4 $16) 34. Ng6 $18 {White is clearly winning.} Bxe7 35. Nde5+ Ke6 36. h6 Nf6 (36... Bf6 $142 37. h7 Ng3) 37. Nxe7 Kxe7 38. h7 Nxh7 39. Rxh7+ {[%mdl 4096] Endgame KRN-KR} Ke6 40. Rh6+ Kf5 41. Rxc6 Rh8 42. Rc3 Ke4 43. Nc6 Ra8 44. Kb3 Ra6 45. Rc5 Kd3 46. Ne7 Rb6 47. Nxd5 Rb8 48. Nc3 Kxd4 49. Nxb5+ Kd3 50. Kxa3 Ke4 51. Kb3 {Precision: White = 55%, Black = 28%.} 1-0

[Event "World Team-ch Women 2017"]
[Site "Khanty-Mansyisk"]
[Date "2017.06.18"]
[Round "2"]
[White "Vijayalakshmi, Subbaraman"]
[Black "Gorti, Akshita"]
[Result "1/2-1/2"]
[WhiteElo "2375"]
[BlackElo "2240"]
[Annotator "TA"]
[PlyCount "52"]
[EventDate "2017.??.??"]
[EventType "team-tourn"]
[EventCountry "RUS"]
[SourceTitle "playchess.com"]
[Source "ChessBase"]
[SourceQuality "1"]
[WhiteTeam "IND"]
[BlackTeam "USA"]
[WhiteTeamCountry "IND"]
[BlackTeamCountry "USA"]

{[%evp 13,52,0,1,4,10,11,0,0,0,0,44,34,34,22,17,-34,-26,-22,-8,-204,-210,-246,-281,-279,-254,-333,-329,-504,-415,-697,-681,-872,-405,-423,-416,-386,0,-289,0,-384,0]} 1. d4 e6 2. c4 Nf6 3. a3 b6 4. Nc3 Bb7 5. Nf3 d5 6. Bg5 Be7 7. Qa4+ Qd7 8. Qc2 {E12: Queen's Indian: Unusual White 4th moves, 4 a3, 4 Nc3 Bb7 5 a3 and 4 Nc3 Bb7} (8. Qxd7+ Nbxd7 9. e3 dxc4 10. Bxc4 Ne4 11. Bxe7 Kxe7 12. Nxe4 Bxe4 13. Ke2 c5 14. Rhd1 Bxf3+ 15. Kxf3 cxd4 16. Rxd4 Rac8 17. Bd3 Ne5+ 18. Ke2 Nxd3 19. Rxd3 Rc2+ 20. Rd2 Rhc8 {½-½ (20) Bu,X (2705)-Tomashevsky,E (2716) Doha 2016}) 8... dxc4 9. e3 Bxf3 10. gxf3 {The position is equal.} b5 11. Bxf6 gxf6 $146 ({Predecessor:} 11... Bxf6 12. f4 c6 13. Bg2 a6 14. O-O-O Qc7 15. f5 exf5 16. Qxf5 {½-½ (49) Akobian,V (2610)-Roussel Roozmon,T (2486) Montreal 2008}) 12. a4 c6 13. axb5 cxb5 14. Qe4 (14. d5 $11) 14... Nc6 $15 15. Nxb5 Rb8 16. Nc3 $2 (16. Bxc4 $11 {and White stays safe.} Na5 17. Bd3) 16... Rxb2 $19 17. Bxc4 {[#] Bb5 is the strong threat.} f5 $1 {[%cal Rf5e4]} 18. Qf4 Bb4 19. Rc1 {[#] With the idea 0-0.} Rg8 $1 {Hoping for ...Bxc3+.} ({Less strong is} 19... Bxc3+ 20. Rxc3 Rg8 21. Rc1 $17) 20. Bd3 {[#]} (20. Kf1 $142 Bxc3 21. Rg1 Rxg1+ 22. Kxg1) 20... e5 $1 {[%cal Be6e5,Be5d4][%mdl 544]} 21. Qh6 (21. Qxf5 $142 Qxf5 22. Bxf5 exd4 23. Bxh7 Bxc3+ 24. Kf1) (21. dxe5 Qxd3) 21... exd4 22. Qxh7 Rg6 (22... Ne7 $142 23. Kf1 dxc3) 23. Qh8+ Ke7 24. Qh4+ Ke8 25. Qh8+ Ke7 26. Qh4+ Ke8 $2 {Precision: White = 41%, Black = 32%.} (26... Rf6 $19 27. exd4 Nxd4) 1/2-1/2

[Event "World Team-ch Women 2017"]
[Site "Khanty-Mansyisk"]
[Date "2017.06.18"]
[Round "2"]
[White "Majdan, Joanna"]
[Black "Melia, Salome"]
[Result "1-0"]
[WhiteElo "2365"]
[BlackElo "2393"]
[Annotator "TA"]
[PlyCount "131"]
[EventDate "2017.??.??"]
[EventType "team-tourn"]
[EventCountry "RUS"]
[SourceTitle "playchess.com"]
[Source "ChessBase"]
[SourceQuality "1"]
[WhiteTeam "POL"]
[BlackTeam "GEO"]
[WhiteTeamCountry "POL"]
[BlackTeamCountry "GEO"]

{[%evp 10,131,17,17,26,-43,-42,-56,-47,-47,-24,-15,0,-41,-19,-38,-7,-17,-8,-6,0,8,-6,0,29,4,4,9,8,-10,44,55,43,26,44,55,55,69,50,20,22,13,127,119,122,119,122,137,125,129,152,129,104,23,16,0,0,0,0,0,0,0,256,251,256,264,321,323,310,307,647,173,205,198,155,208,200,194,222,208,258,262,254,207,247,257,260,252,260,248,230,233,341,327,314,241,253,252,313,280,281,270,361,356,356,355,343,332,806,802,743,739,780,729,1581,1210,29987,29988,29989,29990,29992,29993,29993,29993]} 1. e4 c5 2. Nc3 Nc6 3. Bb5 Nd4 4. Nf3 e6 5. O-O a6 6. Bd3 Nc6 {B30: Sicilian: 2...Nc6 3 Bb5, lines without ...g6} 7. Re1 (7. b3 $11) 7... g5 $1 $15 {[%cal Rg5g4]} 8. Kh1 Bg7 {Black is slightly better.} 9. Bf1 h6 (9... g4 $5 {[%cal Rg4f3]} 10. Ng1 h5 $11) 10. d3 Nge7 11. Be3 $146 ({Predecessor:} 11. Ne2 d5 12. c3 dxe4 13. dxe4 Qxd1 14. Rxd1 {0-1 (53) Tseitlin,M (2472)-Avrukh,B (2595) Tel Aviv 2002}) 11... d6 12. Ng1 Ng6 13. Nge2 O-O 14. f4 gxf4 15. Nxf4 Nxf4 16. Bxf4 Ne5 17. Qd2 Kh7 18. Ne2 {[%cal Bc3e2,Be2g3,Bg3h5][%mdl 32]} Ng6 19. Be3 b6 ({Black should try} 19... Bxb2 $11 20. Rab1 Bg7) 20. Ng3 $14 Bb7 21. Nh5 Be5 {Threatens to win with ...Qh4.} 22. g3 f5 $1 23. Bg2 fxe4 24. dxe4 Nh4 $1 {[%cal Rh4f3]} 25. Bxh6 Nf3 (25... Rf5 $1 $11 {keeps the balance.} 26. Nf4 (26. gxh4 $2 Qxh4 27. Bf4 Rxf4 $19) (26. exf5 $2 Bxg2+ 27. Kg1 Nf3+ 28. Kxg2 Nxd2 $19) 26... Nxg2 27. Nxg2 Bxg3 28. hxg3 Rh5+ 29. Kg1 Rxh6) 26. Bxf3 $1 $16 Rxf3 {[#]} 27. Qg2 $1 Rf5 {[#]} 28. Qh3 $1 Qe8 29. Nf4 Bxf4 30. Bg5+ $1 (30. gxf4 $2 Rh5 $19) 30... Kg8 31. Bxf4 (31. gxf4 $16 {Re3 is the strong threat.} Qg6 32. Qe3) 31... Qg6 $1 $11 32. Bxd6 Rh5 33. Qg2 Rd8 34. Rad1 {Strongly threatening Kg1.} e5 {And now ...Rh7 would win.} 35. Qe2 {Black must now prevent Kg1.} Rf5 $2 {[%mdl 8192]} (35... Rg5 $1 $11 {and Black stays safe.}) 36. Kg1 $18 Rf7 37. Bxe5 Re8 38. Rd6 Qg5 39. Bc3 (39. Rxb6 Rxe5 40. Qe3 Qxe3+ 41. Rxe3 Kg7 $11) 39... Rxe4 $2 (39... Bxe4 40. a4 Bc6) 40. Qd2 $2 (40. Qd3 Qf5 41. Rd8+ Kh7 42. Rh8+ Kg6 43. Qd6+ Rf6 44. Qxf6+ Qxf6 45. Rxe4 (45. Bxf6 Rxe1+ 46. Kf2 Rc1 $16) 45... Bxe4 46. Bxf6) 40... Qxd2 41. Bxd2 Rxe1+ 42. Bxe1 {[%mdl 4096] Endgame KRB-KRB} b5 43. Bf2 c4 44. Bd4 Be4 45. c3 a5 46. Bf6 Rb7 47. Ra6 a4 48. Kf2 Rd7 49. Bd4 Rf7+ 50. Ke3 Bf5 (50... Bh1 $142 51. Rg6+ Kf8) 51. Rb6 Bd7 52. Bf6 Rh7 53. h4 Kf7 54. Be5 Ke7 55. Ke4 Rf7 56. Bd6+ Kf6 57. Bf8+ Be6 58. Bc5 ({Weaker is} 58. Rxb5 Rxf8 59. Rb6 Ke7 $11) 58... Rd7 $2 (58... Rh7 59. Bd4+ Ke7 60. Rxb5 Kd8 61. Rb8+ Ke7 62. Rb7+ Bd7) 59. g4 Kf7 60. g5 {[%cal Bg4g5,Bg5g6][%mdl 32]} Bg4 61. g6+ Kg8 62. Bd4 {Intending Rb8+ and mate.} Re7+ 63. Kf4 {White mates.} Bd7 64. h5 {[%cal Bh4h5,Bh5h6][%mdl 32]} Re8 65. h6 Rf8+ 66. Bf6 {Precision: White = 59%, Black = 45%.} 1-0

[Event "World Team-ch Women 2017"]
[Site "Khanty-Mansyisk"]
[Date "2017.06.18"]
[Round "2"]
[White "Mammadova, Gulnar"]
[Black "Elansary, Eman"]
[Result "1-0"]
[WhiteElo "2362"]
[BlackElo "1887"]
[Annotator "TA"]
[PlyCount "111"]
[EventDate "2017.??.??"]
[EventType "team-tourn"]
[EventCountry "RUS"]
[SourceTitle "playchess.com"]
[Source "ChessBase"]
[SourceQuality "1"]
[WhiteTeam "AZE"]
[BlackTeam "EGY"]
[WhiteTeamCountry "AZE"]
[BlackTeamCountry "EGY"]

{[%evp 20,111,68,65,101,104,85,12,16,13,29,30,37,18,12,24,33,0,28,25,23,0,22,25,49,48,97,61,111,91,112,75,66,66,64,56,64,71,64,68,66,63,60,45,66,31,39,34,16,0,0,0,0,-5,54,54,49,50,50,50,56,47,54,46,48,45,52,50,47,38,222,233,200,173,164,177,759,756,635,758,600,758,758,756,746,738,713,706,1241,1214,1073,979,29993,29994]} 1. e4 {[%cal Be2e4,Be4e5][%mdl 32]} Nf6 2. e5 Nd5 3. c4 Nb6 4. d4 d6 5. exd6 cxd6 6. Nc3 g6 7. Be3 Bg7 8. Rc1 O-O 9. b3 a5 {B03: Alekhine's Defence: Four Pawns Attack} 10. Be2 a4 11. Nf3 {LiveBook: 10 Games} Bd7 $146 {White is slightly better.} ({Predecessor:} 11... axb3 12. axb3 Bg4 13. h3 Bxf3 14. Bxf3 Nc6 15. O-O Nd7 16. Re1 Re8 17. Nb5 Ra2 18. Nc3 Ra3 19. Nb5 Ra2 20. Nc3 {½-½ (20) Naumann,A (2518)-Vaganian,R (2623) Germany 2003}) 12. O-O axb3 13. Qxb3 (13. axb3 $16 Nc6 14. d5) 13... Na4 $11 14. Nb5 Nc6 15. Rfd1 Qa5 16. a3 Na7 17. Bd2 $36 {[%mdl 2048] Black is under pressure.} Qd8 $1 18. Nc3 Nxc3 19. Bxc3 Nc6 20. Qb2 ({Avoid the trap} 20. Qxb7 $2 Rb8 $19) 20... Na5 21. d5 Bxc3 22. Rxc3 Ba4 23. Rb1 Qd7 24. Nd4 Rfc8 25. h4 Qe8 26. h5 Bd7 $1 27. Rbc1 Rc5 28. hxg6 hxg6 29. f4 Qf8 30. f5 Qg7 31. Qd2 $1 ({Reject} 31. Re3 b5 $15) 31... Rac8 $1 32. fxg6 fxg6 33. Qe3 Qe5 34. Qf2 Rf8 35. Nf3 Qf4 36. Rd1 e5 (36... Qf6 $11 37. Rcc1 Bg4) 37. dxe6 $1 $14 Bxe6 38. Rd4 Qf6 39. Rxd6 Rc6 40. Rxc6 Nxc6 41. Qe3 Re8 {White must now prevent ...Bf7.} 42. Qd2 Bf5 {Strongly threatening ...Rxe2!} 43. Re3 Rd8 44. Qc3 Qd6 $2 ({Black should try} 44... Kf7 $14) 45. c5 $18 Qf4 46. Bc4+ Kh7 {[#]} 47. Kf2 $1 Bg4 $2 {[#]} (47... Rf8 48. Bd5 Bd7) 48. Re4 $3 {[%cal Re4f4][%mdl 512]} Qf5 (48... Qxe4 49. Ng5+) 49. Be6 Qxe4 50. Ng5+ Kh6 51. Nxe4 Bxe6 52. Qf6 Bd5 53. Nd6 {Threatening mate with Nf5+.} Rd7 54. Qh8+ Rh7 55. Qf8+ Rg7 56. Ne8 {Precision: White = 70%, Black = 44%.} 1-0

[Event "World Team-ch Women 2017"]
[Site "Khanty-Mansyisk"]
[Date "2017.06.18"]
[Round "2"]
[White "Pham, Le Thao Nguyen"]
[Black "Kosteniuk, Alexandra"]
[Result "1/2-1/2"]
[WhiteElo "2344"]
[BlackElo "2537"]
[Annotator "TA"]
[PlyCount "97"]
[EventDate "2017.??.??"]
[EventType "team-tourn"]
[EventCountry "RUS"]
[SourceTitle "playchess.com"]
[Source "ChessBase"]
[SourceQuality "1"]
[WhiteTeam "VIE"]
[BlackTeam "RUS"]
[WhiteTeamCountry "VIE"]
[BlackTeamCountry "RUS"]

{[%evp 9,97,14,7,12,8,7,21,9,15,6,7,0,2,0,11,11,12,12,11,13,10,0,0,0,41,44,42,37,42,40,64,40,38,24,22,27,31,18,14,14,24,7,20,0,7,0,0,0,17,14,23,19,20,30,57,47,83,34,34,34,34,19,34,34,34,27,34,34,34,26,49,14,33,0,34,25,25,14,34,25,34,34,34,0,19,0,34,0,33,0]} 1. d4 Nf6 2. Nf3 d5 3. Bf4 c5 4. e3 {[%cal Be2e3,Be3d4][%mdl 32]} Nc6 5. Nbd2 (5. c3 Bg4 6. Nbd2 e6 7. Qb3 Qc8 8. Ne5 Nxe5 9. Bxe5 c4 10. Qc2 Bf5 11. Qd1 Nd7 12. g4 Bg6 13. Bg3 h5 14. g5 h4 {1-0 (45) Karjakin,S (2783)-Meier,G (2630) chess.com INT 2017}) 5... cxd4 6. exd4 {D02: 1 d4 d5 2 Nf3 sidelines, including 2...Nf6 3 g3 and 2...Nf6 3 Bf4} Qb6 7. Nb3 Bg4 8. h3 {The position is equal.} Bh5 9. Be2 e6 10. O-O Ne4 $146 ({Predecessor:} 10... Be7 11. c3 O-O 12. Bd3 a5 13. Rb1 Ne4 {1-0 (33) Koci,V (2270)-Dlouhy,R (2225) ICCF email 2004}) 11. a4 {[%cal Ba2a4,Ba4a5][%mdl 32] And now a5 would win.} a6 12. a5 Qd8 13. Ne5 Bxe2 14. Qxe2 Rc8 15. c3 Be7 16. Nd3 Bd6 17. f3 Nf6 {[%cal Be4f6,Bf6e8,Be8d6,Bd6c4][%mdl 32]} 18. Bxd6 Qxd6 19. Nbc5 Qc7 20. b4 O-O 21. Rfe1 Ne8 22. Ne5 {Black should prevent Ned7.} Nd6 23. Qd3 Nxe5 24. Rxe5 Nc4 25. Ree1 Rfe8 26. Ra2 (26. f4 $5) 26... Re7 27. Qf1 Qf4 28. Qf2 Nd6 29. g3 {[%cal Bg2g3,Bg3g4][%mdl 32]} Qf5 30. Kg2 Nc4 31. Rae2 h6 32. f4 g5 33. g4 Qxf4 34. Qxf4 gxf4 35. Kf3 Nd6 36. Kxf4 Kg7 37. Rg1 Rec7 38. Rg3 Kf6 39. h4 Rh8 40. Re5 Nc4 41. Re2 Re7 42. Rg1 Nd6 43. Rge1 Nc4 44. Rh1 Kg7 45. Rg1 Kf6 46. Nd3 Rc7 47. Nc5 Re7 48. Nd3 Rc7 49. Nc5 {Precision: White = 45%, Black = 53%.} 1/2-1/2

[Event "World Team-ch Women 2017"]
[Site "Khanty-Mansyisk"]
[Date "2017.06.18"]
[Round "2"]
[White "Nemcova, Katerina"]
[Black "Padmini, Rout"]
[Result "1/2-1/2"]
[WhiteElo "2313"]
[BlackElo "2375"]
[Annotator "TA"]
[PlyCount "99"]
[EventDate "2017.??.??"]
[EventType "team-tourn"]
[EventCountry "RUS"]
[SourceTitle "playchess.com"]
[Source "ChessBase"]
[SourceQuality "1"]
[WhiteTeam "USA"]
[BlackTeam "IND"]
[WhiteTeamCountry "USA"]
[BlackTeamCountry "IND"]

{[%evp 11,99,0,16,0,0,-7,-13,-13,-13,-10,-5,-14,-14,-16,-16,-21,-14,-17,-15,-15,-17,-41,-24,-46,-15,-32,-21,-77,-47,-71,-56,-61,0,0,0,-53,0,0,14,4,0,0,77,117,119,112,125,77,82,91,85,58,119,107,116,115,120,122,110,68,125,128,122,122,131,120,134,100,105,80,87,81,110,106,121,104,175,189,179,62,62,70,69,66,83,0,67,0,113,0]} 1. d4 Nf6 2. Bf4 e6 3. e3 d5 4. Nf3 c5 5. c3 Nc6 6. Nbd2 cxd4 7. cxd4 {D02: 1 d4 d5 2 Nf3 sidelines, including 2...Nf6 3 g3 and 2...Nf6 3 Bf4} (7. exd4 Nh5 8. Bg5 f6 9. Be3 Bd6 10. Bb5 O-O 11. O-O a6 12. Ba4 Bd7 13. Ne1 Nf4 14. g3 Nh3+ {1-0 (52) Karjakin,S (2781)-Nakamura,H (2785) Stavanger 2017}) 7... Qb6 8. Qb3 Qxb3 9. Nxb3 {The position is equal.} Nh5 $146 ({Predecessor:} 9... Nb4 10. Kd1 Ne4 11. Bg3 Bd7 12. Nbd2 Ba4+ 13. b3 Nc3+ 14. Kc1 Ncxa2+ 15. Rxa2 Nxa2+ {½-½ (40) Forbes,C (2075)-McLure,A (2010) Blackpool 1990}) 10. Bg5 f6 11. Bh4 g5 12. Bg3 Nxg3 13. hxg3 Kf7 $36 {[%mdl 2048] Black has some pressure.} 14. Rc1 Bd6 15. a3 Ne7 16. Bd3 b6 17. Ke2 ({Don't blunder} 17. Rxh7+ $2 Rxh7 18. Bxh7 g4 $19) 17... g4 18. Ne1 h5 19. Kd2 (19. Nc2 $11) 19... Bd7 20. Rc3 Rh6 21. Nc1 b5 (21... a5 $15) 22. b4 $11 a5 23. Nc2 (23. bxa5 $11 b4 24. Rb3) 23... axb4 (23... a4 $1 $15) 24. axb4 Ra4 25. Be2 e5 26. Nd3 Rh8 (26... Bf5 $11 {remains equal.}) 27. Nc5 $16 Bxc5 28. Rxc5 Ra2 29. Kc3 Bf5 30. Bd3 Ke6 31. Rxb5 Bxd3 (31... Rha8 $14) 32. Kxd3 Nf5 {[#]} 33. Ra5 $1 {[%cal Ra5a2]} Ra8 34. Rxa2 Rxa2 35. Rxh5 {[%mdl 4096] Endgame KRN-KRN} Nd6 ({Black should play} 35... exd4 $1 $14 36. exd4 Rb2) 36. dxe5 fxe5 37. f4 gxf3 38. gxf3 {Hoping for f4.} Rb2 39. Rh6+ Kd7 40. Kc3 Rb1 41. g4 Rf1 42. Rh3 Nb5+ 43. Kb2 d4 (43... Kc6 $16 44. g5 Rg1 45. Rh6+ Kd7) 44. exd4 $18 exd4 {[#]} 45. Rh5 (45. Na3 $1 $18 {[%cal Ra3b5]} Nc7 46. b5) 45... Kc6 $14 46. Rc5+ Kb6 47. Rd5 {Strongly threatening g5.} Kc6 $1 {[%cal Rc6d5]} 48. Rc5+ Kb6 49. Rd5 Kc6 $1 {[%cal Rc6d5]} 50. Rc5+ {Precision: White = 48%, Black = 54%.} ({White should try} 50. Rd8 $16) 1/2-1/2

[Event "World Team-ch Women 2017"]
[Site "Khanty-Mansyisk"]
[Date "2017.06.18"]
[Round "2"]
[White "Nguyen, Thi Mai Hung"]
[Black "Gunina, Valentina"]
[Result "0-1"]
[WhiteElo "2301"]
[BlackElo "2504"]
[Annotator "TA"]
[PlyCount "80"]
[EventDate "2017.??.??"]
[EventType "team-tourn"]
[EventCountry "RUS"]
[SourceTitle "playchess.com"]
[Source "ChessBase"]
[SourceQuality "1"]
[WhiteTeam "VIE"]
[BlackTeam "RUS"]
[WhiteTeamCountry "VIE"]
[BlackTeamCountry "RUS"]

{[%evp 20,80,10,8,8,12,16,9,0,0,16,0,20,7,0,0,19,-66,-72,-53,-59,-80,-60,-56,31,-41,-41,-39,-39,-39,-37,-36,-37,-40,-38,-38,-39,-39,-39,-39,-39,-39,-35,-52,-20,-20,-20,-18,0,-35,-16,-34,-33,-102,-91,-484,-456,-1239,-1229,-1662,-1559,-29989,-29990]} 1. d4 Nf6 2. Nf3 e6 3. e3 b6 4. Bd3 Bb7 5. O-O d5 6. b3 Be7 7. Bb2 O-O 8. Ne5 c5 9. Nd2 Nbd7 10. Qf3 Qc7 11. Qh3 {LiveBook: 6 Games} h6 {D05: Colle System with ...e6} 12. f4 cxd4 (12... Ne4 13. Nxe4 dxe4 14. Bc4 Nxe5 15. dxe5 Rad8 16. f5 exf5 17. Qxf5 Bg5 18. Rae1 Qe7 19. e6 fxe6 20. Bxe6+ {1-0 (27) Gerzhoy,L (2469)-Shulman,Y (2595) Saint Louis 2012}) 13. exd4 Nxe5 $146 {The position is equal.} ({Predecessor:} 13... Ne4 14. Ndf3 Ndf6 15. g4 Nh7 16. Rae1 f5 17. gxf5 exf5 18. Re2 Rf6 19. Rg2 Bd6 20. Nh4 Bc8 21. c4 Be6 22. cxd5 Bxd5 23. Nxf5 Neg5 24. fxg5 Bxg2 25. Qxg2 Rff8 26. Bc4+ {1-0 (26) Agh,M (2148)-Toronyi,D (2065) Hungary 2014}) 14. fxe5 Ne4 15. Rad1 Bg5 16. Nb1 b5 17. Ba3 Rfc8 18. Bxb5 ({White should play} 18. Qf3 $11) 18... Qxc2 $15 19. Qf3 Kh8 20. Kh1 Qxa2 21. Qxf7 Be3 (21... Qxb3 $15 22. Bd7 (22. Qxb7 Rab8 $17) 22... Rcb8 23. Bxe6 Be3) 22. Bd3 ({Better is} 22. Qxb7 $14 Rab8 23. Qd7 (23. Qxa7 $2 Rxb5 24. Qd7 Rbb8 $19)) 22... Qxb3 23. Qf3 $1 {[%cal Rf3e3] [#]} Nf2+ $1 {[%mdl 512]} 24. Rxf2 Bxf2 25. Rf1 $1 {[%cal Rf1f2]} Bxd4 26. Qg3 $1 {[%cal Rg3g6] [#]} Ba6 $1 {[%cal Ra6d3]} 27. Bxa6 Qxg3 28. hxg3 Rcb8 29. Bd6 $1 Rb6 30. Be2 a5 $36 {[%cal Ba7a5,Ba5a4,Ba4a3,Ba3a2][%mdl 2080] Black has good play.} 31. Na3 Bb2 32. Nb5 a4 {White must now prevent ...a3.} 33. Rb1 $1 {[%cal Rb1b2]} Bd4 (33... Rxb5 $5 34. Bxb5 a3 35. Bxa3 Bxa3 $15) 34. Rd1 (34. Bd3 $5 {[%cal Rb5d4]} Bf2 35. Kh2 $11) 34... Bf2 {Strongly threatening ...Rxb5!} (34... Rxb5 $5 35. Bxb5 Bb2 $15) 35. Nc7 Rc8 {And now ...a3 would win.} 36. Kh2 (36. Nxe6 $15 a3 37. Bxa3 Rxe6 38. Bg4) 36... Rb3 $17 {Hoping for ...Rc3.} 37. Bd3 $2 {[%mdl 8192]} (37. Bf3 $17 a3 38. Ra1) 37... a3 $19 {aiming for ...a2.} 38. g4 (38. Rd2 $142 Be3 39. Rd1) 38... a2 {...Rxd3 is the strong threat.} 39. Bg6 Bg3+ 40. Kg1 Rcb8 {Precision: White = 35%, Black = 70%.} 0-1